Conjugaisons 1er groupe espagnol - Statistiques

Statistiques générales
  • Ce quiz a été pris 548 fois
  • Le résultat moyen est 26 sur 61
Statistiques - réponses
Hint Réponse % Correct
yo canto
99%
él, ella, usted canta
98%
nosostros cantamos
98%
chanter cantar
98%
cantas
98%
vosostros cantàis
95%
ellos, ellas, ustedes cantan
95%
yo cantaba
63%
él, ella, usted cantaba
63%
nosostros cantàbamos
63%
cantabas
63%
vosostros cantabais
62%
ellos, ellas, ustedes cantaban
62%
yo cantaré
56%
él, ella, usted cantarà
55%
ellos, ellas, ustedes cantaràn
55%
cantaràs
55%
nosostros cantaremos
52%
vosostros cantaréis
51%
yo canté
50%
canta
48%
él, ella, usted cantò
45%
yo cante
43%
él, ella, usted cante
43%
vosostros cantéis
43%
nosostros cantemos
43%
ellos, ellas, ustedes canten
43%
cantes
43%
nosostros cantamos
42%
cantaste
42%
ellos, ellas, ustedes cantaron
41%
vosostros cantasteis
39%
10 Participe passé cantado
35%
9 Gérondif cantando
34%
vosostros cantad
30%
yo cantaría
29%
él, ella, usted cantaría
29%
nosostros cantaríamos
29%
ellos, ellas, ustedes cantarían
29%
cantarías
29%
vosostros cantaríais
28%
1 Imparfait 1
25%
2 Futur 2
22%
3 Prétérit 3
22%
yo cantara
22%
él, ella, usted cantara
22%
vosostros cantarais
22%
nosostros cantàramos
22%
ellos, ellas, ustedes cantaran
22%
cantaras
22%
4 Impératif 4
20%
5 Subjonctif présent 5
19%
6 Subjonctif imparfait 6
17%
8 Conditionnel 8
17%
yo cantase
17%
él, ella, usted cantase
17%
vosostros cantaseis
17%
nosostros cantàsemos
17%
ellos, ellas, ustedes cantasen
17%
cantases
17%
7 Subjonctif imparfait (2) 7
14%
Aucun quiz correspondant
Distribution des résultats
% des personnes avec chaque résultat
Percentile par nombre de réponses
Votre historique - résultats
Vous n’avez pas pris ce quiz